Central Library OPAC University of Rajshahi

Audio-visual instruction in Asia : (Record no. 52595)

MARC details
000 -LEADER
fixed length control field 01064nam a2200265 a 4500
001 - CONTROL NUMBER
control field 52595
003 - CONTROL NUMBER IDENTIFIER
rucl marc code BD-RjUL
005 - DATE AND TIME OF LATEST TRANSACTION
control field 20211209075831.0
008 - FIXED-LENGTH DATA ELEMENTS--GENERAL INFORMATION
fixed length control field 160922s1971 ja a 100 0 eng
035 ## - SYSTEM CONTROL NUMBER
System control number (BD-RjUL)52715
040 ## - CATALOGING SOURCE
Original cataloging agency DLC
Transcribing agency DLC
Modifying agency DLC
Language of cataloging eng
041 ## - LANGUAGE CODE
Language code of text/sound track or separate title eng
082 00 - DEWEY DECIMAL CLASSIFICATION NUMBER
Classification number 371.332
Author mark and year EAU 1971
111 2# - MAIN ENTRY--MEETING NAME
Meeting name or jurisdiction name as entry element Educational Research Workshop on Audio-Visual Instruction in Asia,
Location of meeting Tokyo,
Date of meeting 1971.
9 (RLIN) 157289
245 10 - TITLE STATEMENT
Title Audio-visual instruction in Asia :
Remainder of title workshop report /
260 ## - PUBLICATION, DISTRIBUTION, ETC. (IMPRINT)
Place of publication, distribution, etc. Tokyom :
Name of publisher, distributor, etc. National Institute for Educational Research,
Date of publication, distribution, etc. 1971.
300 ## - PHYSICAL DESCRIPTION
Pagination 167 p. :
Illustrations ill. ;
Size 30 cm.
500 ## - GENERAL NOTE
General note "Organized by NIER with the assistance of Unesco and Japanese National Commission for Unesco under the Unesco-NIER Regional Programme for Educational Research in Asia."
650 #0 - SUBJECT ADDED ENTRY--TOPICAL TERM
Topical term or geographic name as entry element Audio-visual education
Geographic subdivision Asia.
9 (RLIN) 157290
710 2# - ADDED ENTRY--CORPORATE NAME
Corporate name or jurisdiction name as entry element Kokuritsu Kyōiku Kenkyūjo (Japan)
9 (RLIN) 157291
Corporate name or jurisdiction name as entry element Japan.
Subordinate unit Mombushō.
-- Nihon Yunesuko Kokunai Linkai.
9 (RLIN) 157292
Corporate name or jurisdiction name as entry element Unesco.
9 (RLIN) 157293
942 ## - ADDED ENTRY ELEMENTS (KOHA)
Source of classification or shelving scheme Dewey Decimal Classification
Koha item type Books
Holdings
Lost status Source of classification or shelving scheme Damaged status Not for loan Collection code Permanent Location Current Location Shelving location Date acquired Source of acquisition Total Checkouts Full call number Date last seen Copy number Koha item type
  Dewey Decimal Classification     Non-fiction Central Library, University of Rajshahi Central Library, University of Rajshahi   18/06/1980 P.R.O office , R.U.   371.332 EAU 1971 22/09/2016 C-2 Books